<?xml version="1.0" encoding="UTF-8"?>
<record
    xmlns:xsi="http://www.w3.org/2001/XMLSchema-instance"
    xsi:schemaLocation="http://www.loc.gov/MARC21/slim http://www.loc.gov/standards/marcxml/schema/MARC21slim.xsd"
    xmlns="http://www.loc.gov/MARC21/slim">

  <leader>00612nam a22001337a 4500</leader>
  <datafield tag="040" ind1=" " ind2=" ">
    <subfield code="c">RUA</subfield>
  </datafield>
  <datafield tag="082" ind1=" " ind2=" ">
    <subfield code="a">AVM SON 2012 B103 Or.6</subfield>
  </datafield>
  <datafield tag="100" ind1=" " ind2=" ">
    <subfield code="a">SON, NANSIM.</subfield>
  </datafield>
  <datafield tag="245" ind1=" " ind2=" ">
    <subfield code="a">survey on canin diseases at chhouk tep animal clinic in phnom penh (&#x17A2;&#x1784;&#x17D2;&#x1780;&#x17C1;&#x178F;&#x179B;&#x17BE;&#x1787;&#x17C6;&#x1784;&#x17BA;&#x178A;&#x17C2;&#x179B;&#x1787;&#x17BD;&#x1794;&#x1794;&#x17D2;&#x179A;&#x1791;&#x17C7;&#x179B;&#x17BE;&#x179F;&#x17BB;&#x1793;&#x1781; &#x1793;&#x17C5;&#x1782;&#x17D2;&#x179B;&#x17B8;&#x1793;&#x17B7;&#x1780;&#x1796;&#x17D2;&#x1799;&#x17B6;&#x1794;&#x17B6;&#x179B;&#x179F;&#x178F;&#x17D2;&#x179C; &#x179A;&#x17B6;&#x1787;&#x1792;&#x17B6;&#x1793;&#x17B8;&#x1797;&#x17D2;&#x1793;&#x17C6;&#x1796;&#x17C1;&#x1789;)</subfield>
  </datafield>
  <datafield tag="260" ind1=" " ind2=" ">
    <subfield code="a">Phnom Penh</subfield>
    <subfield code="b">RUA</subfield>
    <subfield code="c">2012</subfield>
  </datafield>
  <datafield tag="300" ind1=" " ind2=" ">
    <subfield code="a">x, 41p.</subfield>
    <subfield code="b">ill.</subfield>
    <subfield code="c">29cm.</subfield>
  </datafield>
  <datafield tag="856" ind1=" " ind2=" ">
    <subfield code="u">https://drive.google.com/file/d/1hIta1fCHYiDXunx2UTwSEx8JU7oekaaM/view?usp=sharing</subfield>
  </datafield>
  <datafield tag="942" ind1=" " ind2=" ">
    <subfield code="c">AVM</subfield>
  </datafield>
  <datafield tag="999" ind1=" " ind2=" ">
    <subfield code="c">2754</subfield>
    <subfield code="d">2754</subfield>
  </datafield>
  <datafield tag="952" ind1=" " ind2=" ">
    <subfield code="0">0</subfield>
    <subfield code="1">0</subfield>
    <subfield code="2">ddc</subfield>
    <subfield code="4">0</subfield>
    <subfield code="6">AVM_SON_2012_000000000000000_B103_OR_1</subfield>
    <subfield code="7">0</subfield>
    <subfield code="9">13191</subfield>
    <subfield code="a">LBB</subfield>
    <subfield code="b">LBB</subfield>
    <subfield code="c">B103</subfield>
    <subfield code="d">2015-10-27</subfield>
    <subfield code="o">AVM SON 2012 B103 Or.1</subfield>
    <subfield code="p">RUA015074</subfield>
    <subfield code="r">2015-10-27</subfield>
    <subfield code="w">2015-10-27</subfield>
    <subfield code="y">AVM</subfield>
  </datafield>
  <datafield tag="952" ind1=" " ind2=" ">
    <subfield code="0">0</subfield>
    <subfield code="1">0</subfield>
    <subfield code="2">ddc</subfield>
    <subfield code="4">0</subfield>
    <subfield code="6">AVM_SON_2012_000000000000000_B103_OR_2</subfield>
    <subfield code="7">0</subfield>
    <subfield code="9">13192</subfield>
    <subfield code="a">LBB</subfield>
    <subfield code="b">LBB</subfield>
    <subfield code="c">B103</subfield>
    <subfield code="d">2015-10-27</subfield>
    <subfield code="l">2</subfield>
    <subfield code="m">1</subfield>
    <subfield code="o">AVM SON 2012 B103 Or.2</subfield>
    <subfield code="p">RUA016790</subfield>
    <subfield code="r">2017-07-21</subfield>
    <subfield code="s">2017-02-03</subfield>
    <subfield code="w">2015-10-27</subfield>
    <subfield code="y">AVM</subfield>
  </datafield>
  <datafield tag="952" ind1=" " ind2=" ">
    <subfield code="0">0</subfield>
    <subfield code="1">0</subfield>
    <subfield code="2">ddc</subfield>
    <subfield code="4">0</subfield>
    <subfield code="6">AVM_SON_2012_000000000000000_B103_OR_3</subfield>
    <subfield code="7">0</subfield>
    <subfield code="9">13193</subfield>
    <subfield code="a">LBB</subfield>
    <subfield code="b">LBB</subfield>
    <subfield code="c">B103</subfield>
    <subfield code="d">2015-10-27</subfield>
    <subfield code="l">4</subfield>
    <subfield code="o">AVM SON 2012 B103 Or.3</subfield>
    <subfield code="p">RUA019810</subfield>
    <subfield code="r">2024-06-25</subfield>
    <subfield code="s">2024-05-29</subfield>
    <subfield code="w">2015-10-27</subfield>
    <subfield code="y">AVM</subfield>
  </datafield>
  <datafield tag="952" ind1=" " ind2=" ">
    <subfield code="0">0</subfield>
    <subfield code="1">0</subfield>
    <subfield code="2">ddc</subfield>
    <subfield code="4">0</subfield>
    <subfield code="6">AVM_SON_2012_000000000000000_B103_OR_4</subfield>
    <subfield code="7">0</subfield>
    <subfield code="9">13194</subfield>
    <subfield code="a">LBB</subfield>
    <subfield code="b">LBB</subfield>
    <subfield code="c">B103</subfield>
    <subfield code="d">2015-10-27</subfield>
    <subfield code="o">AVM SON 2012 B103 Or.4</subfield>
    <subfield code="p">RUA018406</subfield>
    <subfield code="r">2015-10-27</subfield>
    <subfield code="w">2015-10-27</subfield>
    <subfield code="y">AVM</subfield>
  </datafield>
  <datafield tag="952" ind1=" " ind2=" ">
    <subfield code="0">0</subfield>
    <subfield code="1">0</subfield>
    <subfield code="2">ddc</subfield>
    <subfield code="4">0</subfield>
    <subfield code="6">AVM_SON_2012_000000000000000_B103_OR_5</subfield>
    <subfield code="7">0</subfield>
    <subfield code="9">13195</subfield>
    <subfield code="a">LBB</subfield>
    <subfield code="b">LBB</subfield>
    <subfield code="c">B103</subfield>
    <subfield code="d">2015-10-27</subfield>
    <subfield code="l">1</subfield>
    <subfield code="o">AVM SON 2012 B103 Or.5</subfield>
    <subfield code="p">RUA018398</subfield>
    <subfield code="r">2023-08-07</subfield>
    <subfield code="s">2023-07-31</subfield>
    <subfield code="w">2015-10-27</subfield>
    <subfield code="y">AVM</subfield>
  </datafield>
  <datafield tag="952" ind1=" " ind2=" ">
    <subfield code="0">0</subfield>
    <subfield code="1">0</subfield>
    <subfield code="2">ddc</subfield>
    <subfield code="4">0</subfield>
    <subfield code="6">AVM_SON_2012_000000000000000_B103_OR_6</subfield>
    <subfield code="7">0</subfield>
    <subfield code="9">13196</subfield>
    <subfield code="a">LBB</subfield>
    <subfield code="b">LBB</subfield>
    <subfield code="c">B103</subfield>
    <subfield code="d">2015-10-27</subfield>
    <subfield code="l">2</subfield>
    <subfield code="o">AVM SON 2012 B103 Or.6</subfield>
    <subfield code="p">RUA018334</subfield>
    <subfield code="r">2025-11-12</subfield>
    <subfield code="s">2025-10-03</subfield>
    <subfield code="w">2015-10-27</subfield>
    <subfield code="y">AVM</subfield>
  </datafield>
  <datafield tag="952" ind1=" " ind2=" ">
    <subfield code="0">0</subfield>
    <subfield code="1">0</subfield>
    <subfield code="2">ddc</subfield>
    <subfield code="4">0</subfield>
    <subfield code="6">AVM_SON_2012_000000000000000_B103_OR_7</subfield>
    <subfield code="7">0</subfield>
    <subfield code="9">13197</subfield>
    <subfield code="a">LBB</subfield>
    <subfield code="b">LBB</subfield>
    <subfield code="c">B103</subfield>
    <subfield code="d">2015-10-27</subfield>
    <subfield code="l">3</subfield>
    <subfield code="o">AVM SON 2012 B103 Or.7</subfield>
    <subfield code="p">RUA012209</subfield>
    <subfield code="r">2020-08-14</subfield>
    <subfield code="s">2020-08-07</subfield>
    <subfield code="w">2015-10-27</subfield>
    <subfield code="y">AVM</subfield>
  </datafield>
  <datafield tag="952" ind1=" " ind2=" ">
    <subfield code="0">0</subfield>
    <subfield code="1">0</subfield>
    <subfield code="2">ddc</subfield>
    <subfield code="4">0</subfield>
    <subfield code="6">AVM_SON_2012_000000000000000_B103_OR_8</subfield>
    <subfield code="7">0</subfield>
    <subfield code="9">45738</subfield>
    <subfield code="a">LBB</subfield>
    <subfield code="b">LBB</subfield>
    <subfield code="d">2016-05-25</subfield>
    <subfield code="o">AVM SON 2012 B103 Or.8</subfield>
    <subfield code="p">RUA058054</subfield>
    <subfield code="r">2016-05-25</subfield>
    <subfield code="w">2016-05-25</subfield>
    <subfield code="y">AVM</subfield>
  </datafield>
</record>
